000 00784nam a2200265Ia 4500
003 OSt
005 20220928121327.0
006 a|||||r|||| 00| 0
007 ta
008 220927b |||||||| |||| 00| 0 eng d
020 _c365
024 _a99759
037 _b14, 05/10/2009, Om Book Distributors
_cTextual
040 _aSDCL
_cSDCL
_beng
041 _2eng
_aeng
082 _aX:513-8, P6
100 _aJethwaney Jaishri
_9451683
245 0 _aAdvertising management.
260 _aOxford
_bOxford University Press
_c2006
300 _axii,716p
_ccm.
650 _aCommerce
_9353036
700 _a Jain Shruti
_9451684
942 _hX:513-8, P6
_cTEXL
_2CC
999 _c765718
_d765718